|
|
|
|
| LEADER |
00000nas a2200000 i 4500 |
| 001 |
ssj0001077084 |
| 003 |
WaSeSS |
| 005 |
20200512172242.0 |
| 006 |
m d |
| 007 |
cr n |
| 008 |
140103c20uu9999rm m| p|s|||||| |0rum d |
| 022 |
|
|
|a 2286-0576
|l 1582-4756
|
| 035 |
|
|
|a (WaSeSS)ssj0001077084
|
| 040 |
|
|
|a WaSeSS
|b eng
|c WaSeSS
|d WaSeSS
|
| 043 |
|
|
|a e-rm---
|
| 050 |
1 |
4 |
|a KKR74
|
| 210 |
1 |
|
|a Pandectele rom.
|b (Online)
|
| 222 |
|
0 |
|a Pandectele române
|b (Online)
|
| 245 |
0 |
0 |
|a Pandectele romane
|h [electronic resource].
|
| 260 |
|
|
|a Bucharest, Romania :
|b Wolters Kluwer Romania SRL
|
| 310 |
|
|
|a Monthly
|
| 506 |
|
|
|a License restrictions may limit access.
|
| 588 |
|
|
|a Description based on: Number 1 (January 2013); title from article pdf (ProQuest, viewed Dec. 31, 2013).
|
| 588 |
|
|
|a Latest issue consulted: Number 12 (December 2013) (viewed Dec. 31, 2013).
|
| 650 |
|
0 |
|a Law
|z Romania
|v Periodicals.
|
| 655 |
|
0 |
|a Electronic journals.
|
| 776 |
0 |
8 |
|i Print version:
|t Pandectele romane
|x 1582-4756
|
| 856 |
4 |
0 |
|z Full text available from Research Library: 01/01/2013 to present
|u https://search.proquest.com/publication/2026879
|